[Event "FIDE World Blitz 2014"]
[Site "Dubai UAE"]
[Date "2014.06.20"]
[Round "14.12"]
[White "Dreev,A"]
[Black "Riazantsev,A"]
[Result "1-0"]
[WhiteElo "2667"]
[BlackElo "2692"]

1.d4 e6 2.c4 Nf6 3.Nc3 Bb4 4.Qc2 d6 5.Nf3 Nbd7 6.g3 b6 7.Bg2 Bb7 8.O-O O-O
9.b3 a6 10.Bb2 h6 11.Rfd1 b5 12.cxb5 Bxc3 13.Bxc3 axb5 14.a4 Be4 15.Qb2 Qb8
16.Bf1 Nd5 17.Nd2 Bg6 18.axb5 Rxa1 19.Rxa1 Qb6 20.e4 Nxc3 21.Qxc3 Nf6 22.Bd3 e5
23.Rc1 Rc8 24.Nc4 Qxd4 25.Qxd4 exd4 26.Nxd6 Rd8 27.Nb7 Rb8 28.Nc5 Ne8 29.f3 Ra8
30.Na6 Ra7 31.Rc4 f6 32.Rxd4 Bf7 33.Bc4 Kf8 34.Rd7 Bxc4 35.bxc4 Rb7 36.Kf2 h5
37.Ke2 Ra7 38.Kd3 Rb7 39.Kc3 g5 40.Kb4 g4 41.fxg4 hxg4 42.c5 Ra7 43.Ka5 Kg8
44.c6 Kf8 45.Kb4 Nd6 46.Rxc7 Ra8 47.Rd7 Nxe4 48.c7 Ke8 49.Rh7 Rc8 50.b6 Nd6
51.Nc5  1-0

[Event "FIDE World Blitz 2014"]
[Site "Dubai UAE"]
[Date "2014.06.20"]
[Round "15.8"]
[White "Meier,Geo"]
[Black "Dreev,A"]
[Result "0-1"]
[WhiteElo "2632"]
[BlackElo "2667"]

1.Nf3 d5 2.g3 c6 3.Bg2 Bf5 4.c4 e6 5.cxd5 exd5 6.O-O Nf6 7.d3 Bc5 8.Qb3 Bb6
9.Nc3 O-O 10.Na4 Re8 11.Re1 Nbd7 12.Bd2 h6 13.Nxb6 Qxb6 14.Qc3 a5 15.h3 c5
16.e3 Qa6 17.Bf1 b5 18.a3 Qe6 19.Kh2 b4 20.Qc1 Rac8 21.Qd1 Qb6 22.axb4 axb4
23.Ra4 Ra8 24.Qa1 Qb7 25.Rc1 Nb6 26.Ra5 Nfd7 27.b3 d4 28.e4 Be6 29.Rb1 Qc6
30.Rxa8 Rxa8 31.Qb2 Ra3 32.Qc2 Qa8 33.Bc1 Ra1 34.Nd2 Rxb1 35.Qxb1 Nc8 36.f4 f6
37.Qc2 Nd6 38.Bg2 Nb5 39.f5 Bf7 40.e5 Bd5 41.e6 Bxg2 42.exd7 Bc6 43.Qxc5 Bxd7
44.Qxb4 Qd5 45.Qc4 Qxc4 46.dxc4 Nc3 47.g4 Ne2 48.Bb2 Bc6 49.b4 Kf7 50.b5 Bd7
51.Kg2 g6 52.Kf3 Ng1+ 53.Ke4 Nxh3 54.Bxd4 Ng5+ 55.Kd5 gxf5 56.gxf5 Bxf5 57.b6 Bh3
58.Kd6 Bg2 59.c5 Ne6 60.c6 Nxd4 61.c7 Nb5+ 62.Kc5 Nxc7 63.bxc7 Bh3 64.Nf3 Ke7
65.Kc6 h5 66.Nh4 Bc8 67.Ng6+ Kf7 68.Nh4 Ke6 69.Kb6 Kd6 70.Ng6 f5 71.Nh4 f4
72.Nf3 Kd7 73.Ne5+ Ke6 74.Nf3 Kd6 75.Ng5 Kd5 76.Ka7 Bd7 77.Kb8 Ke5 78.Nf3+ Ke4
79.Nd2+ Ke3 80.Nc4+ Kd4 81.Nd2 Kd5 82.Nf3 Ke4 83.Nd2+ Ke3 84.Nc4+ Kd4 85.Nd2 Bf5
86.Nf3+ Ke3 87.Nh4 Be6 88.Ng2+ Ke4  0-1

[Event "FIDE World Blitz 2014"]
[Site "Dubai UAE"]
[Date "2014.06.20"]
[Round "16.5"]
[White "Dreev,A"]
[Black "Harikrishna,P"]
[Result "1-0"]
[WhiteElo "2667"]
[BlackElo "2726"]

1.d4 Nf6 2.c4 e6 3.Nc3 Bb4 4.Qc2 O-O 5.Nf3 d6 6.g3 Nc6 7.Bg2 e5 8.a3 Bxc3+
9.Qxc3 Re8 10.dxe5 dxe5 11.Bg5 h6 12.Rd1 Qe7 13.Bxf6 Qxf6 14.O-O Bg4 15.h3 Bh5
16.g4 Bg6 17.Rd2 Rad8 18.Rfd1 Nd4 19.Nxd4 exd4 20.Rxd4 Rxd4 21.Qxd4 Qxd4
22.Rxd4 Rxe2 23.b4 b6 24.Rd8+ Kh7 25.Rd7 Ra2 26.Rxc7 Rxa3 27.c5 bxc5 28.bxc5 a5
29.c6 a4 30.Ra7 Ra1+ 31.Kh2 a3 32.Bd5 f5 33.c7 Rc1 34.Be6 a2 35.c8=Q Rxc8
36.Bxc8 Bf7 37.Bxf5+  1-0

[Event "FIDE World Blitz 2014"]
[Site "Dubai UAE"]
[Date "2014.06.20"]
[Round "17.2"]
[White "Carlsen,M"]
[Black "Dreev,A"]
[Result "1-0"]
[WhiteElo "2881"]
[BlackElo "2667"]

1.e4 c6 2.Nf3 d5 3.exd5 cxd5 4.d4 Nf6 5.Ne5 Nc6 6.Bb5 Bd7 7.Nxd7 Qxd7 8.c3 a6
9.Bd3 Qg4 10.Qxg4 Nxg4 11.Bf4 e6 12.Nd2 Nf6 13.Nb3 Nd7 14.Ke2 Be7 15.a4 O-O
16.a5 Rfe8 17.Rhe1 e5 18.dxe5 Ndxe5 19.Kd2 Bd6 20.Bg3 Nc4+ 21.Bxc4 dxc4 22.Bxd6 cxb3
23.Bc7 Rxe1 24.Rxe1 f6 25.f4 Kf7 26.c4 Rc8 27.Bb6 Ne7 28.Re4 Rc6 29.Rd4 Nf5
30.Rd3 Rxc4 31.Rxb3 Nd6 32.Kd3 Rc6 33.g4 g6 34.Bd4 Nb5 35.f5 gxf5 36.gxf5 Rc1
37.Bf2 Rh1 38.Bg3 Rf1 39.Ke4 Rc1 40.Kd5 Rd1+ 41.Kc5 Rf1 42.Kb6 Rxf5 43.Kxb7 Nd4
44.Rd3 Ne6 45.b4 Rb5+ 46.Kxa6 Rxb4 47.Bd6 Rb1 48.Rd5 Kg6 49.Rb5 Rd1 50.Rb6 Ra1
51.Kb5 Kf5 52.a6 Nd4+ 53.Kc4 Nf3 54.Kd5 h5 55.Kc6 Nd4+ 56.Kb7 Ne6 57.a7 Nd8+
58.Kb8  1-0

[Event "FIDE World Blitz 2014"]
[Site "Dubai UAE"]
[Date "2014.06.20"]
[Round "18.6"]
[White "Dreev,A"]
[Black "Mamedyarov,S"]
[Result "1/2-1/2"]
[WhiteElo "2667"]
[BlackElo "2743"]

1.d4 d5 2.c4 c6 3.Nc3 Nf6 4.cxd5 cxd5 5.Nf3 Nc6 6.Bf4 Bf5 7.e3 e6 8.Bd3 Bxd3
9.Qxd3 Bd6 10.Bxd6 Qxd6 11.O-O O-O 12.Rac1 Rac8 13.a3 a6 14.Rc2 Rc7 15.Rfc1 Rfc8
16.h3 h6 17.Nd2 Na5 18.Ne2 Rxc2 19.Rxc2 Rxc2 20.Qxc2 Qc6 21.Qxc6 Nxc6 22.Nc3 Kf8
23.Kf1 Ke7 24.Ke2 Kd6 25.Kd3 Nd7 26.Ne2 Nf6 27.Nc3 Nd7 28.Ne2 Nf6 29.Nc3 Nd7
30.Nb3 b6 31.Nd2 Nf6 32.Nf3 Nd7 33.Nd2 Nf6 34.e4 dxe4+ 35.Ndxe4+ Nxe4 36.Nxe4+ Kd5
37.Nc3+ Kd6 38.Ne4+ Kd5 39.Nc3+ Kd6 40.Ne4+ Kd5 41.Nc3+ Kd6 42.Ne4+  1/2-1/2

[Event "FIDE World Blitz 2014"]
[Site "Dubai UAE"]
[Date "2014.06.20"]
[Round "19.6"]
[White "Wojtaszek,R"]
[Black "Dreev,A"]
[Result "1/2-1/2"]
[WhiteElo "2715"]
[BlackElo "2667"]

1.d4 d5 2.c4 c6 3.Nf3 Nf6 4.e3 Bg4 5.Qb3 Qb6 6.Nc3 e6 7.Nh4 Bh5 8.h3 Qxb3
9.axb3 Na6 10.g4 Bg6 11.Nxg6 hxg6 12.Bg2 Nb4 13.Ke2 g5 14.Bd2 Be7 15.Rhc1 Kd7
16.Ra4 Rhc8 17.e4 dxe4 18.Nxe4 Nxe4 19.Bxe4 a5 20.Rca1 b6 21.c5 bxc5 22.dxc5 Bxc5
23.Rxa5 Rxa5 24.Rxa5 Bd6 25.Rxg5 g6 26.Ra5 Nd5 27.Ra7+ Nc7 28.h4 Rh8 29.Bf3 Rxh4
30.Ba5 Rh8 31.Rb7 c5 32.b4 cxb4 33.Bxb4  1/2-1/2

[Event "FIDE World Blitz 2014"]
[Site "Dubai UAE"]
[Date "2014.06.20"]
[Round "20.7"]
[White "Dreev,A"]
[Black "Mamedov,Rau"]
[Result "1/2-1/2"]
[WhiteElo "2667"]
[BlackElo "2659"]

1.d4 Nf6 2.c4 g6 3.Nc3 Bg7 4.Nf3 O-O 5.e3 d5 6.Bd2 c6 7.Bd3 dxc4 8.Bxc4 b5
9.Bd3 a6 10.Ne4 Nbd7 11.Nxf6+ Nxf6 12.Qe2 Bb7 13.O-O Nd7 14.Be4 f5 15.Bc2 c5
16.Rfd1 cxd4 17.Nxd4 Qb6 18.a3 Kh8 19.Bc3 Nf6 20.Nf3 Rfd8 21.h3 Rxd1+ 22.Rxd1 Rd8
23.Rxd8+ Qxd8 24.Qd2 Qxd2 25.Nxd2 Nd7 26.Bxg7+ Kxg7 27.f3 Nb6 28.Kf2 e5 29.Bb3 Bd5
30.Bxd5 Nxd5 31.Ke2 Kf6 32.g3 Ke6 33.e4 Ne7 34.Kd3 Kd6 35.Nf1 Ke6 36.Nd2 Kd6
37.Nf1 Ke6  1/2-1/2